LIBRARY & INFORMATION CENTRE, KCAET, TAVANUR

ONLINE PUBLIC ACCESS CATALOGUE (OPAC)

Workshop practice in electrical engineering / (Record no. 6207)

MARC details
000 -LEADER
fixed length control field 00451cam a2200181ua 4500
041 ## - LANGUAGE CODE
Language code of text/sound track or separate title eng
082 ## - DEWEY DECIMAL CLASSIFICATION NUMBER
Classification number 621.3
Item number GUP/WO
100 ## - MAIN ENTRY--AUTHOR NAME
Personal name Gupta, M L .
245 ## - TITLE STATEMENT
Title Workshop practice in electrical engineering /
250 ## - EDITION STATEMENT
Edition statement 5 /
260 ## - PUBLICATION, DISTRIBUTION, ETC. (IMPRINT)
Place of publication Delhi :
Name of publisher Metropolitan Book Co ,
Year of publication 1980.
300 ## - PHYSICAL DESCRIPTION
Number of Pages 361 ; .
942 ## - ADDED ENTRY ELEMENTS (KOHA)
Koha item type Books
Holdings
Withdrawn status Lost status Damaged status Home library Current library Date acquired Full call number Accession Number Koha item type
      KAUAET KAUAET 07/04/2012 621.3 14381 Books
      KAUAET KAUAET 07/04/2012 621.3 14380 Books
      KAUAET KAUAET 07/04/2012 621.3 12860 Books
free website counter